Countries Stripped of J-E-T-P-U-N-K - Statistics

General Stats
  • This quiz has been taken 15 times
  • The average score is 12 of 20
Answer Stats
Hint Country % Correct
BAGLADSH Bangladesh
100%
FII Fiji
100%
GRMAY Germany
100%
GORGIA Georgia
87%
IDIA India
87%
ASRIA Austria
80%
BLARS Belarus
80%
CBA Cuba
80%
MOGRO Montenegro
73%
LIHAIA Lithuania
67%
RGAY Uruguay
67%
AZAHSA Kazakhstan
60%
OGA Tonga
60%
IGRIA Nigeria
47%
HILIIS Philippines
47%
ISIA Tunisia
40%
MALA Malta
27%
SRIAM Suriname
20%
SAI Spain
13%
RY Turkey
13%
No matching quizzes found
Score Distribution
Percent of People with Each Score
Percentile by Number Answered
Your Score History
You have not taken this quiz